000 00441nam a22001457a 4500
005 20251108164756.0
008 250721s1989 xx 000 0 ara d
082 1 4 _a616.07/دلي
245 1 0 _aدليل العائلة الطبي /
264 1 _aطرابلس (لبنان) :
_bدار الشمال للطباعة و النشر و التوزيع،
_c1989.
300 _a440ص
650 1 7 _aالأمراض
942 _2ddc
_cBK
999 _c14055
_d14055